header

Generators and their potential theory (Record no. 119564)

MARC details
000 -LEADER
fixed length control field 01341nam a2200337Ia 4500
100 1# - MAIN ENTRY--AUTHOR NAME
Personal name Jacob, Niels.
245 10 - TITLE STATEMENT
Title Generators and their potential theory
260 ## - PUBLICATION, DISTRIBUTION, ETC. (IMPRINT)
Place of publication London :
Name of publisher Imperial College Press,
Year of publication c2002.
300 ## - PHYSICAL DESCRIPTION
Number of Pages xxii, 453 p.
490 1# - SERIES STATEMENT
Series statement Pseudo differential operators & Markov processes ;
650 #0 - SUBJECT ADDED ENTRY--TOPICAL TERM
Topical Term Semigroups of operators.
Topical Term Pseudodifferential operators.
Topical Term Potential theory (Mathematics)
856 40 - ELECTRONIC LOCATION AND ACCESS
Uniform Resource Identifier http://site.ebrary.com/lib/rucke/Doc?id=10201262

No items available.

© 2026 Rongo University
Contact us: librarian | system librarian | Rongo university